Fórmulas matemáticas en el entrenamiento de la resistencia (Record no. 178081)

MARC details
000 -CABECERA
campo de control de longitud fija 01231nab a2200253 a 4500
005 - FECHA Y HORA DE LA ÚLTIMA TRANSACCIÓN
campo de control 20210219162532.0
008 - ELEMENTOS DE LONGITUD FIJA--INFORMACIÓN GENERAL
campo de control de longitud fija 991125s1985 mx 000 0 spa u
035 ## - NÚMERO DE CONTROL DEL SISTEMA
Número de control de sistema UPN01000205980
049 ## - COLECCIÓN
Colección ART
100 1# - ASIENTO PRINCIPAL--NOMBRE PERSONAL
Nombre de persona Gorría Corres, Carlos
100 1# - ASIENTO PRINCIPAL--NOMBRE PERSONAL
Filiación carlos.gorria@ehu.es
222 #0 - TÍTULO CLAVE
Título clave UNO : REVISTA DE DIDACTICA DE LAS MATEMATICAS
245 00 - MENCIÓN DE TÍTULO
Título Fórmulas matemáticas en el entrenamiento de la resistencia
260 ## - PUBLICACIÓN, DISTRIBUCIÓN, ETC.
Lugar de publicación, distribución, etc. Barcelona, España
300 ## - DESCRIPCIÓN FÍSICA
Extensión 37-43
362 0# - FECHAS DE PUBLICACIÓN Y/O DESIGNACIÓN SECUENCIAL
Fecha de publicación y/o designación secuencial 2013 Año 19, número 64, octubre
520 ## - NOTA DE RESUMEN, ETC.
Sumario, etc. El rendimiento físico del deportista de fondo está directamente relacionado con su resistencia y su capacidad de reabsorción del ácido láctico segregado ante esfuerzos intensos. Este se puede optimizar estudiando el régimen de pulsaciones adecuado para la morfología de cada atleta. Actualmente, el uso del pulsómetro en entrenamientos y el uso de técnicas matemáticas para interpretar los datos de los tests de esfuerzo son herramientas imprescindibles para conocer las posibilidades y los límites del cuerpo
653 0# - TERMINO DE INDIZACION - NO CONTROLADO
Término no controlado RESISTENCIA FISICA
653 0# - TERMINO DE INDIZACION - NO CONTROLADO
Término no controlado PULSOMETRO
653 0# - TERMINO DE INDIZACION - NO CONTROLADO
Término no controlado TECNICAS MATEMATICAS
653 0# - TERMINO DE INDIZACION - NO CONTROLADO
Término no controlado ATLETAS
653 0# - TERMINO DE INDIZACION - NO CONTROLADO
Término no controlado DEPORTES DE FONDO
905 ## - TIPO DE MATERIAL
Tipo de material Articulo

No items available.